000
00314nam a2200121Ia 4500
008
190216s9999||||xx |||||||||||||| ||und||
100
_a
Agarwal
245
0
_a
Objective Numerical Physics
260
_b
"Arvind Vivek Prakashan, Agra"
_c
1984
300
_a
235p
650
_a
Objective Numerical Physics
942
_c
REF
999
_c
35544
_d
35544